[Event "Zonal 2.5 Absoluto"]
[Site "Asuncion"]
[Date "2009.06.16"]
[Round "7"]
[White "Cubas, Jose Fernando"]
[Black "Lopez Silva, Hugo"]
[Result "1-0"]
[WhiteElo "2434"]
[BlackElo "2424"]
[PlyCount "67"]
[EventDate "2009.06.10"]
[EventType "team"]
[EventRounds "9"]
[EventCountry "PAR"]
[SourceDate "2009.06.10"]

1. e4 e5 2. Nf3 Nc6 3. d4 exd4 4. Nxd4 Bc5 5. Be3 Qf6 6. c3 Nge7 7. Nc2 Bb6 8.
Bxb6 axb6 9. Ne3 d6 10. Bd3 Be6 11. O-O d5 12. exd5 Nxd5 13. Nxd5 Bxd5 14. Re1+
Be6 15. Nd2 O-O 16. Qc2 Qh6 17. Re3 Ra5 18. Rae1 Rxa2 19. f4 Ra5 20. f5 Ra1 21.
Rxe6 fxe6 22. Rxa1 Qe3+ 23. Kh1 Ne5 24. Bc4 Ng4 25. Bxe6+ Kh8 26. Nf3 Nf2+ 27.
Kg1 Ng4+ 28. Kf1 Qf4 29. Qe2 Nxh2+ 30. Kg1 Ng4 31. Rd1 c5 32. Qd2 Qg3 33. Qd3
Qf2+ 34. Kh1 1-0

[Event "Zonal 2.5 Absoluto"]
[Site "Asuncion"]
[Date "2009.06.16"]
[Round "7"]
[White "Roselli, Bernardo"]
[Black "Zacarias, Ruben"]
[Result "1-0"]
[WhiteElo "2379"]
[BlackElo "2209"]
[PlyCount "143"]
[EventDate "2009.06.10"]
[EventType "team"]
[EventRounds "9"]
[EventCountry "PAR"]
[SourceDate "2009.06.10"]

1. d4 Nf6 2. c4 c5 3. d5 b5 4. cxb5 a6 5. bxa6 g6 6. Nc3 Bxa6 7. Nf3 d6 8. e4
Bxf1 9. Kxf1 Bg7 10. g3 O-O 11. Kg2 Nbd7 12. h3 Ra6 13. Re1 Qa8 14. Bg5 h6 15.
Bd2 e6 16. dxe6 fxe6 17. Qe2 d5 18. Rab1 d4 19. Nb5 Qc6 20. Na3 Ne8 21. Nc4 Nd6
22. Nxd6 Qxd6 23. Bf4 Qb6 24. b3 g5 25. Bc1 Rfa8 26. a3 Qd6 27. Rd1 R6a7 28.
Nd2 e5 29. Nf1 Qe6 30. Nd2 Nb6 31. Bb2 Rb7 32. Qb5 Qd7 33. Qxd7 Nxd7 34. a4 Bf6
35. Ba3 Rab8 36. Rdc1 Be7 37. Kf3 Kf7 38. Ke2 Ke6 39. f3 h5 40. Rg1 Nb6 41.
Rgc1 Nd7 42. Ra1 Rg8 43. Kd3 h4 44. Rg1 hxg3 45. Rxg3 Nf6 46. Kc2 Nh5 47. Rg4
Rh8 48. Nc4 Nf4 49. Rh1 Rbb8 50. Bc1 Nxh3 51. Rg2 Nf4 52. Rgh2 Rh4 53. Bxf4
exf4 54. a5 Rbh8 55. Rxh4 gxh4 56. a6 Ra8 57. Ra1 Bd8 58. a7 h3 59. Kd3 h2 60.
Ra6+ Ke7 61. Rh6 Rxa7 62. Rxh2 Ra1 63. Rh7+ Ke6 64. Rh6+ Ke7 65. Rc6 Rc1 66. e5
Rc3+ 67. Ke4 d3 68. Rxc5 Rxb3 69. Rd5 Rc3 70. Nd2 Bc7 71. Kf5 Rc2 72. Ne4 1-0

[Event "Zonal 2.5 Absoluto"]
[Site "Asuncion"]
[Date "2009.06.16"]
[Round "7"]
[White "Del Puerto, Rodrigo"]
[Black "Demaria, Juan Pablo"]
[Result "1-0"]
[WhiteElo "2090"]
[BlackElo "2288"]
[PlyCount "71"]
[EventDate "2009.06.10"]
[EventType "team"]
[EventRounds "9"]
[EventCountry "PAR"]
[SourceDate "2009.06.10"]

1. e4 c5 2. Nf3 d6 3. d4 cxd4 4. Nxd4 Nf6 5. Nc3 Nc6 6. Bc4 e6 7. Be3 a6 8. Qe2
Qc7 9. O-O-O Bd7 10. Bb3 b5 11. f4 Be7 12. f5 Na5 13. Kb1 Nxb3 14. fxe6 fxe6
15. axb3 O-O 16. Bc1 b4 17. Na4 Rac8 18. g4 e5 19. Nf5 Bc6 20. Bg5 Rf7 21. Bxf6
Rxf6 22. Nb6 Bf8 23. Nxc8 Qxc8 24. Qc4+ Kh8 25. Qxb4 g6 26. Ng3 Qxg4 27. Rdf1
Rf4 28. Rxf4 exf4 29. Qc3+ Kg8 30. Qxc6 fxg3 31. Qc4+ Kg7 32. hxg3 h5 33. Rf1
Qd7 34. Qxa6 Be7 35. b4 Qh3 36. Qd3 1-0

[Event "Zonal 2.5 Absoluto"]
[Site "Asuncion"]
[Date "2009.06.16"]
[Round "7"]
[White "Pereira, Fabian"]
[Black "Goiriz, Damian"]
[Result "0-1"]
[WhiteElo "2062"]
[BlackElo "2056"]
[PlyCount "56"]
[EventDate "2009.06.10"]
[EventType "team"]
[EventRounds "9"]
[EventCountry "PAR"]
[SourceDate "2009.06.10"]

1. e4 c6 2. d4 d5 3. exd5 cxd5 4. Bd3 Nc6 5. c3 Nf6 6. Bg5 Bg4 7. Ne2 e6 8. f3
Bh5 9. Nf4 Bg6 10. Qb3 Qc7 11. Na3 a6 12. g3 Bd6 13. Kf2 Bxd3 14. Nxd3 Nd7 15.
Rae1 O-O 16. Nb1 b5 17. Bf4 Bxf4 18. gxf4 b4 19. Rc1 Rab8 20. Rhd1 Rfc8 21.
cxb4 Qa7 22. Nc5 Nxd4 23. Qa3 Nc6 24. Qxa6 Nxc5 25. Qxa7 Nxa7 26. bxc5 Rxb2+
27. Rd2 Rcb8 28. Ke3 Rxb1 0-1

[Event "Zonal 2.5 Absoluto"]
[Site "Asuncion"]
[Date "2009.06.16"]
[Round "7"]
[White "Riline, Alejandro"]
[Black "Daneri, Martin"]
[Result "1-0"]
[WhiteElo "2209"]
[BlackElo "2149"]
[PlyCount "114"]
[EventDate "2009.06.10"]
[EventType "team"]
[EventRounds "9"]
[EventCountry "PAR"]
[SourceDate "2009.06.10"]

1. Nf3 Nf6 2. c4 g6 3. b3 Bg7 4. Bb2 c5 5. g3 O-O 6. Bg2 Nc6 7. O-O d6 8. e3 e5
9. d3 Ne8 10. Nc3 Nc7 11. Ne1 Be6 12. Nd5 Bxd5 13. cxd5 Ne7 14. e4 b5 15. Nc2
Qd7 16. b4 cxb4 17. Nxb4 a5 18. Nc2 b4 19. Ne3 Rfb8 20. Rc1 a4 21. Bh3 Qd8 22.
f4 Nb5 23. fxe5 Qb6 24. d4 dxe5 25. Qf3 f6 26. dxe5 fxe5 27. Kh1 Rf8 28. Qe2
Nd4 29. Bxd4 exd4 30. Nc4 Qb5 31. d6 Nc6 32. Be6+ Kh8 33. Bd5 Rad8 34. Qd3 Rxd6
35. Rxf8+ Bxf8 36. Qf3 Rd8 37. Qf6+ Bg7 38. Qxc6 Qxc6 39. Bxc6 b3 40. axb3 axb3
41. Rb1 Rb8 42. Ba4 Rb4 43. Bxb3 Bh6 44. Kg2 d3 45. Kf2 Rb8 46. Ne5 d2 47. Ke2
Kg7 48. Ng4 Bg5 49. h4 Be7 50. Kxd2 h5 51. Ne3 Bd6 52. Nf1 Kf6 53. Bc2 Bb4+ 54.
Ke2 Ke5 55. Rd1 Rc8 56. Rd5+ Kf6 57. Bd3 Bd6 1-0

[Event "Zonal 2.5 Absoluto"]
[Site "Asuncion"]
[Date "2009.06.16"]
[Round "7"]
[White "Gamarra, Ramon"]
[Black "Valdes Escobar, Alvaro"]
[Result "1/2-1/2"]
[WhiteElo "1990"]
[BlackElo "2393"]
[PlyCount "81"]
[EventDate "2009.06.10"]
[EventType "team"]
[EventRounds "9"]
[EventCountry "PAR"]
[SourceDate "2009.06.10"]

1. c4 c5 2. Nf3 Nc6 3. g3 g6 4. Bg2 Bg7 5. Nc3 d6 6. O-O e6 7. e4 Nge7 8. Re1
O-O 9. Rb1 d5 10. d3 dxc4 11. dxc4 Nd4 12. Be3 Nec6 13. Nd2 Nb4 14. Nb3 Nbc2
15. Bxd4 Nxd4 16. e5 Nxb3 17. Qxb3 f6 18. Rbd1 Qb6 19. Na4 Qxb3 20. axb3 fxe5
21. Nxc5 Rb8 22. Nd7 Bxd7 23. Rxd7 Rf7 24. Red1 a5 25. Rxf7 Kxf7 26. Rd7+ Kf6
27. Bxb7 Bf8 28. Kf1 h6 29. Ke2 Be7 30. f3 Rd8 31. Rxd8 Bxd8 32. c5 Be7 33. c6
Bd6 34. Kd3 Ke7 35. Bc8 Bc5 36. Kc4 Kd6 37. Bxe6 Kxc6 38. Bd5+ Kd6 39. h3 g5
40. Be4 Bf2 41. g4 1/2-1/2

[Event "Zonal 2.5 Absoluto"]
[Site "Asuncion"]
[Date "2009.06.16"]
[Round "7"]
[White "Roman, Rodrigo"]
[Black "Latorre, Matias"]
[Result "1-0"]
[WhiteElo "1848"]
[BlackElo "2041"]
[PlyCount "49"]
[EventDate "2009.06.10"]
[EventType "team"]
[EventRounds "9"]
[EventCountry "PAR"]
[SourceDate "2009.06.10"]

1. d4 Nf6 2. Nf3 d5 3. c4 c6 4. g3 Bf5 5. Bg2 e6 6. O-O Bd6 7. Nbd2 Nbd7 8. b3
O-O 9. Bb2 h6 10. Ne5 Qc7 11. Nxd7 Qxd7 12. f3 c5 13. e4 dxe4 14. Nxe4 Bxe4 15.
fxe4 cxd4 16. Bxd4 e5 17. Be3 Qc6 18. Rxf6 gxf6 19. Bxh6 Bc5+ 20. Kh1 Qe6 21.
Qh5 Rfd8 22. Bh3 f5 23. Bxf5 Qf6 24. Rf1 Be7 25. Bh7+ 1-0

[Event "Zonal 2.5 Absoluto"]
[Site "Asuncion"]
[Date "2009.06.16"]
[Round "7"]
[White "Heinichen, John"]
[Black "Perez Ferloni, Jose"]
[Result "1/2-1/2"]
[WhiteElo "1691"]
[BlackElo "1916"]
[PlyCount "126"]
[EventDate "2009.06.10"]
[EventType "team"]
[EventRounds "9"]
[EventCountry "PAR"]
[SourceDate "2009.06.10"]

1. e4 d6 2. f4 g6 3. Bc4 Bg7 4. Nf3 Nf6 5. d3 Nc6 6. O-O e5 7. c3 O-O 8. Qe1
Qe7 9. f5 d5 10. exd5 Nxd5 11. fxg6 hxg6 12. b4 Nf4 13. b5 Na5 14. Bxf4 Nxc4
15. dxc4 Qc5+ 16. Qe3 Qxc4 17. Bxe5 Re8 18. Qd4 Qxd4+ 19. Bxd4 Bf5 20. Bxg7
Kxg7 21. a4 Re3 22. Nbd2 Rxc3 23. Rac1 Rc2 24. g4 Bd3 25. Rxc2 Bxc2 26. Ra1 a6
27. Ra2 Bd1 28. bxa6 Rxa6 29. h3 b5 30. a5 c5 31. Kf2 c4 32. Ke1 Bxf3 33. Nxf3
b4 34. Ra4 b3 35. Kd2 Rd6+ 36. Kc1 c3 37. Nd4 b2+ 38. Kc2 Rf6 39. Rb4 Rf1 40.
Ne2 Rf2 41. Kxc3 Rxe2 42. Rxb2 Re3+ 43. Kc4 Rxh3 44. a6 Ra3 45. Kb5 f5 46. gxf5
gxf5 47. Kb6 Kf6 48. a7 Kg5 49. Rb5 Rxa7 50. Kxa7 Kf4 51. Kb6 Ke4 52. Kc5 f4
53. Rb4+ Ke3 54. Rb3+ Ke4 55. Rb4+ Ke3 56. Kd5 f3 57. Re4+ Kd3 58. Rf4 Ke3 59.
Re4+ Kd3 60. Ra4 f2 61. Ra3+ Ke2 62. Ra2+ Kf3 63. Ra3+ Kg2 1/2-1/2

[Event "Zonal 2.5 Absoluto"]
[Site "Asuncion"]
[Date "2009.06.16"]
[Round "7"]
[White "Butti, Enrique"]
[Black "Sartori, Sergio"]
[Result "1-0"]
[WhiteElo "2100"]
[BlackElo "2051"]
[PlyCount "123"]
[EventDate "2009.06.10"]
[EventType "team"]
[EventRounds "9"]
[EventCountry "PAR"]
[SourceDate "2009.06.10"]

1. d4 d6 2. c4 Nf6 3. Nc3 g6 4. Nf3 Bg7 5. g3 O-O 6. Bg2 Nc6 7. O-O e5 8. d5
Ne7 9. c5 Ne8 10. cxd6 Nxd6 11. Qb3 h6 12. e4 f5 13. Re1 Re8 14. Be3 fxe4 15.
Nd2 Nef5 16. Ncxe4 a5 17. Rac1 a4 18. Qc2 Re7 19. Bc5 Nd4 20. Bxd4 exd4 21.
Nxd6 Rxe1+ 22. Rxe1 Qxd6 23. Nc4 Bf5 24. Be4 Qb4 25. Re2 Bxe4 26. Rxe4 Qc5 27.
Re6 Rf8 28. Qxg6 Qxd5 29. Ne5 Qd8 30. h4 h5 31. Nd3 Qd5 32. Nf4 Qf5 33. Kf1
Qxg6 34. Rxg6 Kf7 35. Rg5 Re8 36. Rxh5 Re5 37. Rxe5 Bxe5 38. Nd3 Bd6 39. Ke2 c5
40. b3 a3 41. Kf3 b5 42. Ke4 c4 43. bxc4 bxc4 44. Kxd4 cxd3 45. Kxd3 Bc5 46.
Ke2 Ke6 47. f4 Be7 48. h5 Kf6 49. g4 Bf8 50. Kf3 Bb4 51. Ke4 Bd2 52. g5+ Kg7
53. Kf5 Be3 54. Kg4 Bc1 55. f5 Bd2 56. f6+ Kf7 57. Kf5 Bc3 58. g6+ Kg8 59. h6
Bb4 60. h7+ Kh8 61. Ke6 Bc3 62. g7+ 1-0

[Event "Zonal 2.5 Absoluto"]
[Site "Asuncion"]
[Date "2009.06.17"]
[Round "8"]
[White "Flores, Diego"]
[Black "Mareco, Sandro"]
[Result "1/2-1/2"]
[WhiteElo "2585"]
[BlackElo "2512"]
[PlyCount "38"]
[EventDate "2009.06.10"]
[EventType "team"]
[EventRounds "9"]
[EventCountry "PAR"]
[SourceDate "2009.06.10"]

1. c4 Nf6 2. Nc3 e6 3. Nf3 Bb4 4. g3 O-O 5. Bg2 d5 6. a3 Be7 7. d4 Nbd7 8. b3
c6 9. Qc2 b6 10. O-O Ba6 11. Rd1 Rc8 12. e4 dxc4 13. bxc4 Bxc4 14. h4 h6 15.
Bf4 a5 16. Ne5 Ba6 17. Na4 Bb5 18. Nc3 Ba6 19. Na4 Bb5 1/2-1/2

[Event "Zonal 2.5 Absoluto"]
[Site "Asuncion"]
[Date "2009.06.17"]
[Round "8"]
[White "Cubas, Jose Fernando"]
[Black "Lemos, Damian"]
[Result "1-0"]
[WhiteElo "2434"]
[BlackElo "2512"]
[PlyCount "87"]
[EventDate "2009.06.10"]
[EventType "team"]
[EventRounds "9"]
[EventCountry "PAR"]
[SourceDate "2009.06.10"]

1. e4 c5 2. Nf3 e6 3. d4 cxd4 4. Nxd4 a6 5. Nc3 Qc7 6. Bd3 Nf6 7. O-O d6 8. a4
b6 9. f4 Bb7 10. Qf3 Nbd7 11. Bd2 Be7 12. Rae1 O-O 13. Qh3 Rae8 14. b4 g6 15.
f5 exf5 16. exf5 Ne5 17. fxg6 hxg6 18. Ne4 Bc8 19. Qh4 Nxe4 20. Qxe4 Bb7 21.
Qf4 Bd8 22. Qg3 Nxd3 23. Rxe8 Rxe8 24. cxd3 Bd5 25. h4 Re5 26. Bf4 Rh5 27. Qe3
Qd7 28. Bg3 Kh7 29. Ne2 Bxh4 30. Bxh4 Rxh4 31. Nf4 Be6 32. Qxb6 Qc8 33. Qxd6
Qd7 34. Qc5 Bf5 35. b5 axb5 36. axb5 Kg7 37. Re1 Qd8 38. Rc1 Qg5 39. Qe5+ Qf6
40. Qe3 Rg4 41. b6 Qb2 42. Re1 Qb4 43. Qe5+ Kh6 44. Qh8+ 1-0

[Event "Zonal 2.5 Absoluto"]
[Site "Asuncion"]
[Date "2009.06.17"]
[Round "8"]
[White "Morovic, Ivan"]
[Black "Bachmann, Axel"]
[Result "1-0"]
[WhiteElo "2551"]
[BlackElo "2555"]
[PlyCount "127"]
[EventDate "2009.06.10"]
[EventType "team"]
[EventRounds "9"]
[EventCountry "PAR"]
[SourceDate "2009.06.10"]

1. Nf3 g6 2. c4 Bg7 3. d4 Nf6 4. g3 O-O 5. Bg2 d6 6. O-O Nc6 7. Nc3 a6 8. Qd3
e5 9. dxe5 dxe5 10. Qxd8 Rxd8 11. Bg5 Be6 12. Nd2 h6 13. Bxf6 Bxf6 14. Nde4 Be7
15. Nd5 Bxd5 16. cxd5 Nb4 17. Nc3 c6 18. dxc6 Nxc6 19. Rfd1 Rxd1+ 20. Rxd1 Rd8
21. Nd5 Kf8 22. Rc1 Rd6 23. h4 f5 24. e4 f4 25. Bh3 fxg3 26. fxg3 Rd8 27. Be6
Kg7 28. Nxe7 Nxe7 29. Rc7 Kf8 30. Rxb7 Rd4 31. Ra7 Rxe4 32. Rxa6 Rd4 33. Bb3
Kg7 34. Re6 Nf5 35. Rxe5 Nxg3 36. Kf2 Nf5 37. h5 Rf4+ 38. Ke1 gxh5 39. a4 h4
40. Bd5 Kf6 41. Re4 Rxe4+ 42. Bxe4 Nd6 43. Bc6 Ke5 44. b4 Nc4 45. a5 Kd6 46.
Be4 h3 47. Kf2 Kc7 48. Kg3 Kb8 49. Kxh3 Ka7 50. Bd3 Ne5 51. Bb5 Nf3 52. Bd3 Ne5
53. Bb5 Nf3 54. Kg4 Nd4 55. Ba4 Ne6 56. Kf5 Nc7 57. Bc6 Na6 58. b5 Nc5 59. Bd5
Na4 60. Ke5 h5 61. Kd6 Nc3 62. Kc6 h4 63. b6+ Kb8 64. Bh1 1-0

[Event "Zonal 2.5 Absoluto"]
[Site "Asuncion"]
[Date "2009.06.17"]
[Round "8"]
[White "Felgaer, Ruben"]
[Black "Lafuente, Pablo"]
[Result "0-1"]
[WhiteElo "2561"]
[BlackElo "2517"]
[PlyCount "79"]
[EventDate "2009.06.10"]
[EventType "team"]
[EventRounds "9"]
[EventCountry "PAR"]
[SourceDate "2009.06.10"]

1. e4 e5 2. Nf3 Nc6 3. Bc4 Bc5 4. c3 Nf6 5. d4 exd4 6. cxd4 Bb4+ 7. Nc3 Nxe4 8.
O-O Bxc3 9. d5 Bf6 10. Re1 Ne7 11. Rxe4 d6 12. Bg5 Bxg5 13. Nxg5 h6 14. Qe2
hxg5 15. Re1 Be6 16. dxe6 f6 17. Re3 c6 18. Rh3 Rxh3 19. gxh3 g6 20. b4 Kf8 21.
h4 gxh4 22. Qg4 Kg7 23. Qxh4 d5 24. Bd3 Qd6 25. f4 Qxb4 26. Qg3 Rh8 27. Rb1
Qd4+ 28. Kh1 b6 29. Rg1 Rh6 30. Re1 c5 31. Re2 Qa1+ 32. Kg2 Qd1 33. f5 Rh5 34.
h4 Rxh4 35. Qxh4 Qxd3 36. Qg4 c4 37. Qf3 Qd1 38. Kf2 Qd4+ 39. Kg2 g5 40. Qh5
0-1

[Event "Zonal 2.5 Absoluto"]
[Site "Asuncion"]
[Date "2009.06.17"]
[Round "8"]
[White "Kropff, Ricardo"]
[Black "Pierrot, Facundo"]
[Result "1-0"]
[WhiteElo "2298"]
[BlackElo "2424"]
[PlyCount "95"]
[EventDate "2009.06.10"]
[EventType "team"]
[EventRounds "9"]
[EventCountry "PAR"]
[SourceDate "2009.06.10"]

1. c4 c6 2. Nf3 d5 3. e3 Nf6 4. Nc3 g6 5. b3 Bg7 6. Bb2 O-O 7. d4 Bg4 8. Be2 e6
9. O-O Nbd7 10. h3 Bxf3 11. Bxf3 Qe7 12. Qe2 dxc4 13. bxc4 e5 14. Qc2 Rfe8 15.
Rad1 e4 16. Be2 h5 17. Qb3 b6 18. a4 Nh7 19. Ba3 Qh4 20. Bd6 Qf6 21. Bh2 Ng5
22. Kh1 Rad8 23. Qc2 Nf8 24. h4 Ngh7 25. Nxe4 Qxh4 26. Bf3 Ne6 27. Kg1 c5 28.
dxc5 bxc5 29. Nd6 Rf8 30. Rb1 Rd7 31. Bc6 Rc7 32. Bd5 Qe7 33. Nxf7 Rxf7 34.
Bxc7 Nxc7 35. Bxf7+ Kxf7 36. Rb7 Be5 37. Qd3 Nf6 38. Rd1 Ne4 39. f4 Bd6 40.
Rxa7 Kf6 41. a5 Qe6 42. a6 Qe8 43. Rxc7 Bxc7 44. Qd7 Qb8 45. Qb5 Qa8 46. Rd7
Nd6 47. Qxc5 Ne8 48. Qe7+ 1-0

[Event "Zonal 2.5 Absoluto"]
[Site "Asuncion"]
[Date "2009.06.17"]
[Round "8"]
[White "Lopez Silva, Hugo"]
[Black "Rodriguez, Andres"]
[Result "0-1"]
[WhiteElo "2424"]
[BlackElo "2524"]
[PlyCount "90"]
[EventDate "2009.06.10"]
[EventType "team"]
[EventRounds "9"]
[EventCountry "PAR"]
[SourceDate "2009.06.10"]

1. e4 d6 2. d4 g6 3. f4 Bg7 4. Nc3 c6 5. Nf3 Bg4 6. Be3 Nd7 7. h3 Bxf3 8. Qxf3
e5 9. O-O-O exd4 10. Bxd4 Bxd4 11. Rxd4 Qf6 12. Qe3 Nc5 13. b4 Ne6 14. Rxd6 Ne7
15. g3 O-O 16. Bc4 Nc8 17. e5 Qe7 18. Ne4 Ng7 19. Rd7 Qxb4 20. Bxf7+ Kh8 21.
Qc5 Qxc5 22. Nxc5 b5 23. e6 Nb6 24. g4 Nxd7 25. Nxd7 Nxe6 26. Bxe6 Rxf4 27. Nc5
Rd8 28. h4 h5 29. gxh5 gxh5 30. Nd3 Rf6 31. Bb3 a5 32. a3 Rd4 33. Kd2 Rg4 34.
Ne5 Rg2+ 35. Kd3 a4 36. Ba2 c5 37. Rh3 Rff2 38. Bb1 Rf1 39. Ba2 Rd1+ 40. Ke4 c4
41. Nxc4 bxc4 42. Rc3 Rdd2 43. Bxc4 Rxc2 44. Rxc2 Rxc2 45. Bb5 Rc3 0-1

[Event "Zonal 2.5 Absoluto"]
[Site "Asuncion"]
[Date "2009.06.17"]
[Round "8"]
[White "Goiriz, Damian"]
[Black "Roselli, Bernardo"]
[Result "0-1"]
[WhiteElo "2056"]
[BlackElo "2379"]
[PlyCount "108"]
[EventDate "2009.06.10"]
[EventType "team"]
[EventRounds "9"]
[EventCountry "PAR"]
[SourceDate "2009.06.10"]

1. Nf3 Nf6 2. g3 g6 3. b3 Bg7 4. Bb2 d6 5. d4 O-O 6. Bg2 a5 7. c4 e5 8. dxe5
Ng4 9. O-O Nc6 10. h3 Ngxe5 11. Nxe5 dxe5 12. Nc3 Bf5 13. Qxd8 Rfxd8 14. Rfd1
h5 15. Ne4 Rxd1+ 16. Rxd1 a4 17. Nc5 axb3 18. axb3 Ra2 19. Rd2 Bf8 20. Nxb7 Nd4
21. Bxd4 Rxd2 22. Bxe5 c5 23. e4 Bc8 24. Na5 Bg7 25. Bf4 Rd1+ 26. Kh2 Bd4 27.
Nc6 Bb7 28. Nxd4 cxd4 29. e5 Bxg2 30. Kxg2 Rb1 31. Kf3 Rxb3+ 32. Ke4 d3 33. Be3
Kf8 34. g4 h4 35. f4 d2 36. Bxd2 Rxh3 37. f5 Rg3 38. Kf4 g5+ 39. Kxg5 h3 40.
Bf4 h2 41. Bxg3 h1=Q 42. Bf4 Qc6 43. c5 Qxc5 44. Kh6 Qc6+ 45. Kh5 Qh1+ 46. Kg5
Kg7 47. f6+ Kh7 48. Kf5 Qb1+ 49. Kg5 Qe4 50. Bg3 Kg8 51. Bh4 Qxe5+ 52. Kh6 Qf4+
53. Kh5 Kh7 54. Bg5 Qe5 0-1

[Event "Zonal 2.5 Absoluto"]
[Site "Asuncion"]
[Date "2009.06.17"]
[Round "8"]
[White "Riline, Alejandro"]
[Black "Del Puerto, Rodrigo"]
[Result "1/2-1/2"]
[WhiteElo "2209"]
[BlackElo "2090"]
[PlyCount "21"]
[EventDate "2009.06.10"]
[EventType "team"]
[EventRounds "9"]
[EventCountry "PAR"]
[SourceDate "2009.06.10"]

1. Nf3 Nf6 2. g3 g6 3. Bg2 Bg7 4. O-O O-O 5. d4 d6 6. c4 Nbd7 7. Nc3 e5 8. dxe5
Nxe5 9. Nxe5 dxe5 10. Qxd8 Rxd8 11. Bg5 1/2-1/2

[Event "Zonal 2.5 Absoluto"]
[Site "Asuncion"]
[Date "2009.06.17"]
[Round "8"]
[White "Zacarias, Ruben"]
[Black "Villalba, Marcelo"]
[Result "1-0"]
[WhiteElo "2209"]
[BlackElo "2020"]
[PlyCount "81"]
[EventDate "2009.06.10"]
[EventType "team"]
[EventRounds "9"]
[EventCountry "PAR"]
[SourceDate "2009.06.10"]

1. e4 Nc6 2. d4 d5 3. Nc3 dxe4 4. d5 Nb8 5. Nxe4 e6 6. Bc4 exd5 7. Bxd5 Nf6 8.
Bxf7+ Kxf7 9. Qxd8 Bb4+ 10. Qd2 Bxd2+ 11. Nxd2 Re8+ 12. Kf1 Bf5 13. g3 Bxc2 14.
Kg2 Nc6 15. Nc4 Be4+ 16. f3 Bd3 17. Ne3 Nd4 18. Kf2 Rad8 19. Bd2 Bg6 20. Bc3
Nb5 21. Be1 Rd3 22. Nc4 Nd4 23. Bc3 b5 24. Na5 b4 25. Be1 Nc2 26. Rc1 Rde3 27.
Rxc2 Bxc2 28. Bxb4 Nd5 29. Bc5 Rd3 30. Nc4 Nb6 31. Bxb6 cxb6 32. f4 Rd1 33. h4
b5 34. Ne5+ Ke6 35. g4 Rb1 36. b3 Rb2 37. Ne2 Rxa2 38. Ke3 Ke7 39. Nd4 Bg6 40.
Rc1 Kd8 41. Ndc6+ 1-0

[Event "Zonal 2.5 Absoluto"]
[Site "Asuncion"]
[Date "2009.06.17"]
[Round "8"]
[White "Valdes Escobar, Alvaro"]
[Black "Roman, Rodrigo"]
[Result "1-0"]
[WhiteElo "2393"]
[BlackElo "1848"]
[PlyCount "98"]
[EventDate "2009.06.10"]
[EventType "team"]
[EventRounds "9"]
[EventCountry "PAR"]
[SourceDate "2009.06.10"]

1. c4 e5 2. Nc3 d6 3. d4 exd4 4. Qxd4 Nf6 5. g3 g6 6. Bg2 Bg7 7. Qe3+ Qe7 8.
Qxe7+ Kxe7 9. Bg5 c6 10. Rd1 Rd8 11. e4 h6 12. Bf4 g5 13. Bc1 Be6 14. b3 Na6
15. Nge2 Nc7 16. Ba3 Nfe8 17. O-O a6 18. f4 f6 19. Nd4 Bg4 20. Rd3 Kf8 21. h3
Bh5 22. Nf5 Kg8 23. g4 Bf7 24. fxg5 fxg5 25. Nxg7 Kxg7 26. Rfd1 Ne6 27. Bxd6
Rxd6 28. Rxd6 Nxd6 29. Rxd6 Nf4 30. Kf2 Re8 31. Kg3 Nxg2 32. Kxg2 Be6 33. Ne2
Kf6 34. Nd4 Ke5 35. c5 Bd5 36. exd5 Kxd4 37. Re6 Rc8 38. d6 Kxc5 39. Rxh6 Rd8
40. Rg6 Rxd6 41. Rxg5+ Kd4 42. Rf5 Ke4 43. Rf2 c5 44. g5 b5 45. Kg3 c4 46. bxc4
bxc4 47. h4 c3 48. h5 Kd3 49. g6 Rd8 1-0

[Event "Zonal 2.5 Absoluto"]
[Site "Asuncion"]
[Date "2009.06.17"]
[Round "8"]
[White "Garcia Cardenas, Pablo"]
[Black "Pereira, Fabian"]
[Result "1/2-1/2"]
[WhiteElo "2314"]
[BlackElo "2062"]
[PlyCount "168"]
[EventDate "2009.06.10"]
[EventType "team"]
[EventRounds "9"]
[EventCountry "PAR"]
[SourceDate "2009.06.10"]

1. e4 c5 2. Nf3 d6 3. d4 cxd4 4. Nxd4 Nf6 5. Nc3 a6 6. Bg5 e6 7. f4 Be7 8. Qf3
Qc7 9. O-O-O Nbd7 10. g4 h6 11. Bxf6 Bxf6 12. h4 Qb6 13. Nb3 Be7 14. Kb1 Nc5
15. e5 d5 16. f5 Bd7 17. f6 gxf6 18. exf6 Bd6 19. Nxd5 exd5 20. Qxd5 O-O-O 21.
Qxf7 Bxg4 22. Bh3 Bxh3 23. Rxh3 Kb8 24. Rf1 Nxb3 25. axb3 Be5 26. Rhf3 Qd4 27.
c3 Qe4+ 28. Ka1 Qxh4 29. Qe6 Rhe8 30. Qc4 Bd6 31. f7 Re1+ 32. Ka2 Bf8 33. Rxe1
Qxe1 34. Qf4+ Ka7 35. Re3 Qd2 36. Qf3 Qd5 37. Qxd5 Rxd5 38. Re8 Bd6 39. Rd8 Rf5
40. Rxd6 Rxf7 41. Rxh6 Rf5 42. b4 a5 43. Kb3 axb4 44. Kxb4 b6 45. c4 Kb7 46.
Rh3 Kc6 47. Kc3 b5 48. Rh6+ Kc7 49. b3 bxc4 50. bxc4 Rg5 51. Rf6 Re5 52. Kd4
Rg5 53. Rf4 Kc6 54. Rf6+ Kc7 55. Re6 Kd7 56. Rh6 Kc7 57. Ra6 Kb7 58. Re6 Kc7
59. Kc3 Kd7 60. Ra6 Kc7 61. Kb4 Kb7 62. Rf6 Kc7 63. Rh6 Rf5 64. Rh7+ Kc6 65.
Rh8 Kc7 66. Rh4 Rg5 67. Rd4 Rf5 68. Re4 Rg5 69. Re7+ Kc6 70. Re8 Rf5 71. Rc8+
Kb7 72. Rd8 Kc7 73. Rd4 Rg5 74. c5 Rg1 75. Kc4 Rc1+ 76. Kd5 Rg1 77. Rd3 Rg5+
78. Kc4 Kc6 79. Rd6+ Kc7 80. Re6 Rg1 81. Re4 Kc6 82. Re6+ Kc7 83. Kb5 Rb1+ 84.
Kc4 Rc1+ 1/2-1/2

[Event "Zonal 2.5 Absoluto"]
[Site "Asuncion"]
[Date "2009.06.17"]
[Round "8"]
[White "Demaria, Juan Pablo"]
[Black "Gamarra, Ramon"]
[Result "1-0"]
[WhiteElo "2288"]
[BlackElo "1990"]
[PlyCount "51"]
[EventDate "2009.06.10"]
[EventType "team"]
[EventRounds "9"]
[EventCountry "PAR"]
[SourceDate "2009.06.10"]

1. e4 c5 2. Nf3 d6 3. d4 cxd4 4. Nxd4 Nf6 5. Nc3 a6 6. f3 e5 7. Nb3 Be6 8. Be3
Be7 9. Qd2 b5 10. a4 b4 11. Nd5 Nxd5 12. exd5 Bf5 13. Qxb4 Bxc2 14. Na5 Qd7 15.
Nc4 O-O 16. Nb6 Qb7 17. Qd2 Bf5 18. Nxa8 Qxa8 19. Bd3 Bc8 20. O-O Nd7 21. b4 f5
22. b5 f4 23. Bf2 g5 24. Rac1 axb5 25. axb5 Bd8 26. Qc2 1-0

[Event "Zonal 2.5 Absoluto"]
[Site "Asuncion"]
[Date "2009.06.17"]
[Round "8"]
[White "Perez Ferloni, Jose"]
[Black "Daneri, Martin"]
[Result "0-1"]
[WhiteElo "1916"]
[BlackElo "2149"]
[PlyCount "66"]
[EventDate "2009.06.10"]
[EventType "team"]
[EventRounds "9"]
[EventCountry "PAR"]
[SourceDate "2009.06.10"]

1. d4 f5 2. h4 Nf6 3. h5 c5 4. d5 b5 5. c4 bxc4 6. Nc3 Qa5 7. Bd2 Ba6 8. Qc2 e6
9. h6 Qb6 10. Rh3 exd5 11. hxg7 Bxg7 12. Qxf5 d4 13. Qe5+ Qe6 14. Qxc5 Nc6 15.
Nb5 Bxb5 16. Qxb5 Rb8 17. Qg5 O-O 18. Rg3 Rf7 19. f3 Rxb2 20. Bc1 c3 21. Nh3 d3
22. Nf4 d2+ 23. Kf2 dxc1=Q 24. Rxc1 Qc4 25. Kg1 Qd4+ 26. Kh2 Qe3 27. Nd3 Qxg5
28. Rxg5 Rxa2 29. Rxc3 Kf8 30. Rb3 Ra1 31. Kg1 Bh6 32. Rgb5 Be3+ 33. Nf2 Ng4
0-1

[Event "Zonal 2.5 Absoluto"]
[Site "Asuncion"]
[Date "2009.06.17"]
[Round "8"]
[White "Sartori, Sergio"]
[Black "Heinichen, John"]
[Result "1-0"]
[WhiteElo "2051"]
[BlackElo "1691"]
[PlyCount "51"]
[EventDate "2009.06.10"]
[EventType "team"]
[EventRounds "9"]
[EventCountry "PAR"]
[SourceDate "2009.06.10"]

1. e4 e6 2. d4 d5 3. e5 c5 4. c3 Nc6 5. Nf3 Qb6 6. Bd3 Bd7 7. dxc5 Bxc5 8. O-O
a5 9. a4 Nge7 10. Na3 Ng6 11. Qe2 O-O 12. h4 f6 13. exf6 Rxf6 14. Bg5 Nf4 15.
Qc2 Nh3+ 16. Kh1 Rxf3 17. Bxh7+ Kh8 18. gxf3 Ne5 19. f4 Ng4 20. Bg6 Bxf2 21.
Qe2 e5 22. f5 Nh6 23. Bxh6 gxh6 24. Qxe5+ Kg8 25. Qxd5+ Kg7 26. Qf7+ 1-0